000 00733nam a2200265 i 4500
001 0000563
003 DO-SdBNP
005 20171213103326.0
007 0000563
008 921113s 1967 sp a | | spa d
016 7 _a
_z
017 _a
_b
035 _a
040 _aBPMSU
_bspa
_cBPMSU
080 4 _a
100 1 _aGuarnieri, Rossana
240 1 0 _aAlice e Jill, piccole amazzoni
_lita.
245 1 0 _aAlicia y Jill
_bpequeñas amazonas /
_cRossana Guarnieri ; traducción Alberto Rueda
_h
260 _aBarcelona :
_bMolino,
_c1967.
300 _a155 p. :
_bil.,
_c24 cm.
700 1 2 _aRueda, Alberto
_etrad.
942 _2ddc
_cBK
945 _ainventario extranjero / DG
956 _aylockward
_210
_6BPMSU
_800151
999 _c11008
_d11008